00745nam a2200253 a 4500001001300000003000900013005001700022008004100039020001000080082001600090100001700106245004600123260004800169300000900217500003500226505001000261650003000271650002400301700001700325902000800342942000700350952011700357999001700474nice12345678IN_TiNIC20260116013921.0050524s1996 dela grp 000 0 eng  ac40000a340.59bSID aSiddiqi, M M aIncidence of Divorce Among Indian Muslims aDelhibInstitute of Objective Studiesc1996 a672p aincludes index and biblioraphy2 aIndex aIslam-Marriage and Family aIslamic-Law Divorce1 aSiddiqi, M M bSRS cBK 001040708StackRoom-aHMIbHMId2007-06-01g400.00l0o340.59 SIDp017180r2007-06-01v400.00w2005-05-24yBK c13096d13096